Mastering the computer for design and illustration /

Bibliographic Details
Main Author: Bolognese, Don
Format: Book
Language:English
Published: New York : Watson-Guptill Publications, 1988.
Subjects:

MARC

Tag First Indicator Second Indicator Subfields
LEADER 00000cam a2200000 a 4500
001 in00000033374
005 20151007060609.0
008 880325s1988 nyua 00110 eng
010 |a  88010677  
020 |a 0823030237 :  |c $27.50 
035 |a (OCoLC)17767548 
035 |9 AAC1238AM 
040 |a DLC  |c DLC  |d TXA  |d UtOrBLW 
049 |a TXAM  |c [A11691031] 
050 0 0 |a N7433.8  |b .B65 1988 
082 0 |a 760  |2 19 
100 1 |a Bolognese, Don. 
245 1 0 |a Mastering the computer for design and illustration /  |c Don Bolognese. 
264 1 |a New York :  |b Watson-Guptill Publications,  |c 1988. 
300 |a 144 pages :  |b illustrations (some color) ;  |c 29 cm. 
336 |a text  |b txt  |2 rdacontent 
337 |a unmediated  |b n  |2 rdamedia 
338 |a volume  |b nc  |2 rdacarrier 
500 |a Includes index. 
650 0 |a Computer art  |x Technique. 
999 |a MARS 
999 f f |s 078d893d-2ab2-3762-9678-1e3bee43dd87  |i a3e9f6b9-5bf1-3be9-bcda-850a054f7437  |t 0 
952 f f |p normal  |a Texas A&M University  |b College Station  |c Sterling C. Evans Library  |d Evans: Library Stacks  |t 0  |e N7433.8 .B65 1988  |h Library of Congress classification  |i unmediated -- volume  |m A14811691031 
998 f f |a N7433.8 .B65 1988  |t 0  |l Evans: Library Stacks